000 00576nam a2200181Ia 4500
005 20260601193254.0
008 260601s9999||||xx |||||||||||||| ||und||
020 _a978-3-031-68150-9
_qebk
100 _aAnne E. Haxthausen
245 0 _aFormal Methods for Industrial Critical Systems
250 _a2024
260 _aHeidelberg, Germany
_bSpringer Nature
_c2024
440 _aLecture Notes in Computer Science
650 _aComputer Science
700 _aWendelin Serwe
856 _uhttps://link.springer.com/openurl?genre=book&isbn=978-3-031-68150-9
942 _cEB
_2ddc
999 _c56814
_d56814